[Event "CHN-chT Div A KO"]
[Site "Liaocheng"]
[Date "2023.02.09"]
[Round "4.4"]
[White "Li, Ruofan"]
[Black "Zhang, Xiaowen"]
[Result "1-0"]
[WhiteElo "2304"]
[BlackElo "2284"]
[PlyCount "185"]
[EventDate "2023.02.06"]
[EventType "team-k.o."]
[EventRounds "6"]
[EventCountry "CHN"]
[SourceTitle "CBM 212 Extra"]
[Source "ChessBase"]
[SourceDate "2023.03.31"]
[SourceVersion "1"]
[SourceVersionDate "2023.03.31"]
[SourceQuality "1"]
[WhiteTeam "Beijing"]
[BlackTeam "Chongqing Jiulongpo"]
[WhiteTeamCountry "CHN"]
[BlackTeamCountry "CHN"]

1. Nf3 Nf6 2. g3 g6 3. Bg2 Bg7 4. 0-0 0-0 5. d4 d6 6. c4 Nc6 7. Nc3 e5 8. dxe5 dxe5 9. Bg5 Be6 10. Nd2 h6 11. Bxf6 Bxf6 12. Qc1 Bg7 13. Rd1 f5 14. Nb3 Qe7 15. Nd5 Bxd5 16. cxd5 Nd4 17. Qc4 Qd6 18. Nxd4 exd4 19. Rac1 Rf7 20. Qb5 Qb6 21. a4 Re7 22. Rc2 Qxb5 23. axb5 a5 24. Rdc1 Be5 25. d6 Bxd6 26. Bxb7 Rd8 27. Bd5+ Kf8 28. Bc4 Bc5 29. Bd3 Bb6 30. Rc6 Kg7 31. g4 Rf8 32. gxf5 gxf5 33. Kh1 Kh7 34. Rg1 Rg7 35. Rg3 Rxg3 36. hxg3 Kg7 37. Kg2 Rf6 38. Rc1 Kf7 39. Kf3 Ke7 40. Kf4 Ke6 41. b3 c5 42. bxc6 Bc7+ 43. Kf3 Kd5 44. Ba6 h5 45. Bc4+ Kxc6 46. Bf7+ Kb6 47. Bxh5 Bd6 48. Be8 Bc5 49. Ba4 Rd6 50. Rd1 Rh6 51. Bd7 Rh5 52. Be8 Rh6 53. Kf4 Rh2 54. Kf3 Rh6 55. Bf7 Kc6 56. Bc4 Rh5 57. Rc1 Kd6 58. Kf4 Ke7 59. Ke5 Rh2 60. Kd5 Ba3 61. Ra1 Bb2 62. Rf1 Kf6 63. Bd3 Rh8 64. f3 Bc3 65. Rg1 Rd8+ 66. Kc4 Rc8+ 67. Kb5 Rb8+ 68. Ka4 Rg8 69. Bc4 Rg7 70. Kb5 Ke5 71. Kc6 Rg6+ 72. Kc5 Bb4+ 73. Kb5 Rg7 74. Bd3 Bc3 75. f4+ Kf6 76. Rh1 Rxg3 77. Rh5 Bd2 78. Rxf5+ Ke6 79. Re5+ Kf6 80. Rd5 Rg4 81. f5 Bb4 82. Kc4 Bc3 83. Rd6+ Ke7 84. Kd5 Rg8 85. Ke5 Rc8 86. f6+ Kf8 87. Ra6 Rb8 88. Ke6 Re8+ 89. Kf5 Bb4 90. Kg6 Rd8 91. Ra7 Rb8 92. Bb5 Bd6 93. Rh7 1-0

[Event "CHN-chT Div-A"]
[Site "Fuling"]
[Date "2022.09.15"]
[Round "8.6"]
[White "Sun, Fanghui"]
[Black "Li, Ruofan"]
[Result "1-0"]
[WhiteElo "2182"]
[BlackElo "2302"]
[PlyCount "69"]
[EventDate "2022.09.06"]
[EventType "team-tourn"]
[EventRounds "11"]
[EventCountry "CHN"]
[SourceTitle "CBM 210 Extra"]
[Source "ChessBase"]
[SourceDate "2022.11.30"]
[SourceVersion "1"]
[SourceVersionDate "2022.11.30"]
[SourceQuality "1"]
[WhiteTeam "Qingdao"]
[BlackTeam "Beijing"]
[WhiteTeamCountry "CHN"]
[BlackTeamCountry "CHN"]

1. e4 e5 2. Nf3 Nc6 3. Bb5 Nf6 4. d3 Bc5 5. Nc3 a6 6. Ba4 d6 7. Nd5 h6 8. c3 0-0 9. Bb3 Ba7 10. Nxf6+ Qxf6 11. Be3 Na5 12. Bc2 c5 13. Rg1 Be6 14. g4 Qe7 15. Nd2 g5 16. h4 d5 17. exd5 Bxd5 18. Qe2 b5 19. Nf1 f6 20. Ng3 Be6 21. Rh1 b4 22. hxg5 hxg5 23. Qf3 Qd7 24. Ne4 Bd5 25. Qxf6 Qg7 26. Qxg7+ Kxg7 27. Bxg5 Bxe4 28. dxe4 Rf7 29. Be3 Rb7 30. Rd1 bxc3 31. bxc3 c4 32. Bh6+ Kg8 33. Rh5 Rb2 34. Rd7 Bc5 35. Bg7 1-0

[Event "CHN-chT Div-A"]
[Site "Fuling"]
[Date "2022.09.12"]
[Round "6.6"]
[White "Li, Ruofan"]
[Black "Li, Xueyi"]
[Result "1-0"]
[WhiteElo "2302"]
[BlackElo "2280"]
[PlyCount "77"]
[EventDate "2022.09.06"]
[EventType "team-tourn"]
[EventRounds "11"]
[EventCountry "CHN"]
[SourceTitle "CBM 210 Extra"]
[Source "ChessBase"]
[SourceDate "2022.11.30"]
[SourceVersion "1"]
[SourceVersionDate "2022.11.30"]
[SourceQuality "1"]
[WhiteTeam "Beijing"]
[BlackTeam "Shenzhen"]
[WhiteTeamCountry "CHN"]
[BlackTeamCountry "CHN"]

1. d4 d5 2. c4 c6 3. cxd5 cxd5 4. Bf4 Nc6 5. e3 Nf6 6. Bb5 Ne4 7. Ne2 Bf5 8. f3 Nd6 9. Bxc6+ bxc6 10. 0-0 g6 11. Nbc3 Bg7 12. Rc1 0-0 13. b3 Rc8 14. Qd2 f6 15. Rfd1 e5 16. Bg3 Be6 17. e4 dxe4 18. dxe5 Nf5 19. Qxd8 Rfxd8 20. exf6 Rxd1+ 21. Rxd1 exf3 22. Nf4 Bxf6 23. Ne4 Bd4+ 24. Bf2 Bxf2+ 25. Kxf2 Bf7 26. Kxf3 h6 27. Rd7 c5 28. g4 Nd4+ 29. Kg3 g5 30. Nd3 Rf8 31. Nf6+ Kg7 32. Nxc5 Ne2+ 33. Kf2 Kxf6 34. Kxe2 Re8+ 35. Kd3 Bg6+ 36. Kd4 Re2 37. Rxa7 Rxh2 38. Nd7+ Ke6 39. Nf8+ 1-0

[Event "CHN-chT Div-A"]
[Site "Fuling"]
[Date "2022.09.08"]
[Round "3.3"]
[White "Ren, Xiaoyi"]
[Black "Li, Ruofan"]
[Result "0-1"]
[WhiteElo "2250"]
[BlackElo "2302"]
[PlyCount "106"]
[EventDate "2022.09.06"]
[EventType "team-tourn"]
[EventRounds "11"]
[EventCountry "CHN"]
[SourceTitle "CBM 210 Extra"]
[Source "ChessBase"]
[SourceDate "2022.11.30"]
[SourceVersion "1"]
[SourceVersionDate "2022.11.30"]
[SourceQuality "1"]
[WhiteTeam "Chengdu"]
[BlackTeam "Beijing"]
[WhiteTeamCountry "CHN"]
[BlackTeamCountry "CHN"]

1. e4 e5 2. Nc3 Nc6 3. Nf3 Nf6 4. d4 exd4 5. Nxd4 Bb4 6. Nxc6 bxc6 7. Bg5 h6 8. Bh4 0-0 9. Bd3 d5 10. 0-0 Bxc3 11. bxc3 dxe4 12. Bxf6 Qxf6 13. Bxe4 Qxc3 14. Qd3 Qc5 15. Rfb1 Be6 16. Rb7 a5 17. Qe3 Qd6 18. Qc3 a4 19. a3 Ra6 20. Qd3 c5 21. Rxc7 Qxc7 22. Qxa6 Qe5 23. Re1 f5 24. Qxa4 fxe4 25. Qxe4 Qxe4 26. Rxe4 Rb8 27. Kf1 Kf7 28. Ke1 Rb1+ 29. Kd2 Ra1 30. Ra4 g5 31. h4 g4 32. g3 Kf6 33. Ra8 Rf1 34. Ke3 Re1+ 35. Kd2 Re5 36. Rf8+ Bf7 37. Rc8 h5 38. a4 c4 39. Ra8 Rc5 40. Ra6+ Ke5 41. Kc3 Be6 42. a5 Kd5 43. Ra7 Bc8 44. Rh7 Kc6 45. Kb4 Rb5+ 46. Kxc4 Rxa5 47. Rh6+ Kd7 48. Kd4 Ke7 49. c4 Rf5 50. Ke3 Be6 51. Rh7+ Bf7 52. Kd4 Rxf2 53. c5 Rc2 0-1

[Event "CHN-chT Div-A"]
[Site "Fuling"]
[Date "2022.09.06"]
[Round "1.4"]
[White "Zhao, Shengxin"]
[Black "Li, Ruofan"]
[Result "1/2-1/2"]
[WhiteElo "2112"]
[BlackElo "2302"]
[PlyCount "58"]
[EventDate "2022.09.06"]
[EventType "team-tourn"]
[EventRounds "11"]
[EventCountry "CHN"]
[SourceTitle "CBM 210 Extra"]
[Source "ChessBase"]
[SourceDate "2022.11.30"]
[SourceVersion "1"]
[SourceVersionDate "2022.11.30"]
[SourceQuality "1"]
[WhiteTeam "Hangzhou Zhenjiang"]
[BlackTeam "Beijing"]
[WhiteTeamCountry "CHN"]
[BlackTeamCountry "CHN"]

1. d4 Nf6 2. c4 e6 3. g3 d5 4. Bg2 Bb4+ 5. Bd2 Be7 6. Nf3 0-0 7. Qc2 c6 8. Bf4 Nbd7 9. h4 b6 10. Nc3 Bb7 11. cxd5 cxd5 12. 0-0 Rc8 13. Qb3 Ne4 14. Rac1 Nxc3 15. Rxc3 Rxc3 16. Qxc3 Ba6 17. Rc1 Bxe2 18. Qc7 Qxc7 19. Rxc7 Rd8 20. Rxa7 Bf6 21. Bg5 Kf8 22. Nd2 Bxg5 23. hxg5 Ke7 24. Bf1 Bxf1 25. Kxf1 Rc8 26. Ke2 Rc2 27. Kd3 Rc1 28. Ke2 Rc2 29. Kd3 Rc1 1/2-1/2

[Event "CHN-chT (Women)"]
[Site "Liaocheng"]
[Date "2021.10.28"]
[Round "9.1"]
[White "Zhai, Mo"]
[Black "Li, Ruofan"]
[Result "1/2-1/2"]
[WhiteElo "2363"]
[BlackElo "2323"]
[PlyCount "63"]
[EventDate "2021.10.20"]
[EventType "team-tourn"]
[EventRounds "9"]
[EventCountry "CHN"]
[SourceTitle "CBM 204 Extra"]
[Source "ChessBase"]
[SourceDate "2021.11.30"]
[SourceVersion "1"]
[SourceVersionDate "2021.11.30"]
[SourceQuality "1"]
[WhiteTeam "Hebei (W)"]
[BlackTeam "Beijing (W)"]
[WhiteTeamCountry "CHN"]
[BlackTeamCountry "CHN"]

1. d4 Nf6 2. c4 e6 3. Nf3 d5 4. Nc3 Be7 5. Bf4 0-0 6. e3 b6 7. Rc1 c5 8. dxc5 bxc5 9. Be2 Bb7 10. 0-0 Nbd7 11. Ne5 Nxe5 12. Bxe5 dxc4 13. Bxc4 Nd5 14. Qg4 Bf6 15. Bxf6 Nxf6 16. Qg3 Qe7 17. Rfd1 Rfd8 18. Qe5 h6 19. h3 Rac8 20. b3 Nd7 21. Qf4 Nb6 22. Bf1 Nd5 23. Qa4 Nxc3 24. Rxd8+ Rxd8 25. Rxc3 Rd1 26. Rd3 Rxd3 27. Bxd3 Bd5 28. e4 Ba8 29. Qb5 Bb7 30. Qa4 Ba8 31. Qb5 Bb7 32. Qa4 1/2-1/2

[Event "CHN-chT"]
[Site "China"]
[Date "2018.11.29"]
[Round "21.5"]
[White "Khademalsharieh, Sarasadat"]
[Black "Li, Ruofan"]
[Result "1-0"]
[WhiteElo "2448"]
[BlackElo "2325"]
[PlyCount "155"]
[EventDate "2018.04.11"]
[EventType "team-tourn"]
[EventRounds "22"]
[EventCountry "CHN"]
[SourceTitle "CBM 187 Extra"]
[Source "ChessBase"]
[SourceDate "2018.11.04"]
[SourceVersion "1"]
[SourceVersionDate "2018.11.04"]
[SourceQuality "1"]
[WhiteTeam "Hebei Sports Lottery"]
[BlackTeam "Hangzhou Bank"]
[WhiteTeamCountry "CHN"]
[BlackTeamCountry "CHN"]

1. c4 e6 2. Nf3 d5 3. g3 Nf6 4. Bg2 dxc4 5. 0-0 Be7 6. Na3 c5 7. Nxc4 Nc6 8. b3 0-0 9. Bb2 Nd5 10. Rc1 b5 11. Nce5 Nxe5 12. Nxe5 Bb7 13. d4 Rc8 14. dxc5 Bxc5 15. Nd3 Be7 16. e4 Nf6 17. e5 Nd5 18. Nf4 Rxc1 19. Bxc1 Qb8 20. Nxd5 Bxd5 21. Bf4 Rd8 22. Qg4 Bxg2 23. Kxg2 Ba3 24. Qf3 Rd5 25. Rd1 Qd8 26. Rxd5 Qxd5 27. Qxd5 exd5 28. Be3 a6 29. Bd4 h5 30. f4 g6 31. h3 Kf8 32. g4 hxg4 33. hxg4 Ke7 34. f5 gxf5 35. gxf5 Bb4 36. Kf3 Bd2 37. Ke2 Bb4 38. Kd3 Kd7 39. Be3 Kc6 40. Bh6 Ba3 41. e6 f6 42. Be3 Kd6 43. Bd4 Ke7 44. Ke3 Bd6 45. Kf3 Be5 46. Bc5+ Ke8 47. Bb4 Bb2 48. Kg4 Be5 49. Kh5 Bb2 50. Bd6 Bc3 51. Kg4 Bb2 52. Kf3 Kd8 53. Ke3 Ke8 54. a4 Kd8 55. axb5 axb5 56. Kd3 Ke8 57. Kc2 Bd4 58. Kb1 Bc3 59. Ka2 Bd4 60. Ka3 Bc3 61. Bc5 Bd2 62. Bd4 Ke7 63. Kb2 Bf4 64. Bc5+ Ke8 65. Kc3 Be5+ 66. Kb4 d4 67. Kxb5 d3 68. Be3 Bc3 69. b4 d2 70. Bxd2 Bxd2 71. Kc5 Kd8 72. b5 Bf4 73. Kc6 Be5 74. b6 Bd4 75. Kb7 Bc5 76. Ka6 Be3 77. b7 Bf4 78. Ka7 1-0

[Event "CHN-chT"]
[Site "China"]
[Date "2018.11.28"]
[Round "20.4"]
[White "Li, Ruofan"]
[Black "Wang, Yu A"]
[Result "1-0"]
[WhiteElo "2325"]
[BlackElo "2303"]
[PlyCount "67"]
[EventDate "2018.04.11"]
[EventType "team-tourn"]
[EventRounds "22"]
[EventCountry "CHN"]
[SourceTitle "CBM 187 Extra"]
[Source "ChessBase"]
[SourceDate "2018.11.04"]
[SourceVersion "1"]
[SourceVersionDate "2018.11.04"]
[SourceQuality "1"]
[WhiteTeam "Hangzhou Bank"]
[BlackTeam "Beijing Beiao"]
[WhiteTeamCountry "CHN"]
[BlackTeamCountry "CHN"]

1. d4 d6 2. Nf3 Nf6 3. c4 g6 4. Nc3 Bf5 5. h3 Bg7 6. g4 Bd7 7. e4 0-0 8. Be3 Na6 9. Be2 c5 10. d5 Nc7 11. Qd2 a6 12. e5 Nfe8 13. Bh6 dxe5 14. Bxg7 Kxg7 15. Nxe5 Nd6 16. Qe3 b6 17. 0-0-0 Rc8 18. h4 f6 19. Nc6 Bxc6 20. dxc6 Qe8 21. Nd5 Nxd5 22. cxd5 Qf7 23. h5 g5 24. f4 gxf4 25. Qxf4 Kh8 26. Kb1 a5 27. Bd3 Qg7 28. Rhe1 Rce8 29. Re6 b5 30. Rde1 c4 31. Bf5 Nxf5 32. Qxf5 c3 33. d6 Qh6 34. Rxe7 1-0

[Event "CHN-chT"]
[Site "China"]
[Date "2018.10.29"]
[Round "18.4"]
[White "Li, Ruofan"]
[Black "Zhou, Zirun"]
[Result "1-0"]
[WhiteElo "2328"]
[BlackElo "1993"]
[PlyCount "101"]
[EventDate "2018.04.11"]
[EventType "team-tourn"]
[EventRounds "22"]
[EventCountry "CHN"]
[SourceTitle "CBM 187 Extra"]
[Source "ChessBase"]
[SourceDate "2018.11.04"]
[SourceVersion "1"]
[SourceVersionDate "2018.11.04"]
[SourceQuality "1"]

1. d4 Nf6 2. c4 e6 3. Nc3 d5 4. Bg5 Be7 5. Nf3 Nbd7 6. e3 0-0 7. Rc1 c6 8. a3 h6 9. Bh4 Ne4 10. Bxe7 Nxc3 11. Bxd8 Nxd1 12. Kxd1 Rxd8 13. c5 Re8 14. b4 a6 15. Be2 e5 16. a4 exd4 17. Nxd4 Ne5 18. h3 Bd7 19. Kd2 Re7 20. Rc3 g5 21. g3 Kg7 22. f4 gxf4 23. gxf4 Ng6 24. h4 Rg8 25. Bd3 Kh8 26. Rcc1 Nf8 27. Rcg1 Bg4 28. Bf5 h5 29. Rg3 Ne6 30. Bxe6 fxe6 31. Rhg1 a5 32. b5 cxb5 33. axb5 Rc8 34. c6 bxc6 35. Nxc6 Rb7 36. Nd4 a4 37. Ra1 Rc4 38. Rgg1 Rxd4+ 39. exd4 Rxb5 40. Rgb1 Rxb1 41. Rxb1 Kg7 42. Ra1 Kf6 43. Rxa4 Kf5 44. Ke3 Kf6 45. Ra8 Kf7 46. Rb8 Kg7 47. f5 Bxf5 48. Kf4 Kf6 49. Rf8+ Kg6 50. Ke5 Bg4 51. Rf6+ 1-0

[Event "CHN-chT"]
[Site "China"]
[Date "2018.07.13"]
[Round "11.2"]
[White "Khotenashvili, Bela"]
[Black "Li, Ruofan"]
[Result "1-0"]
[WhiteElo "2462"]
[BlackElo "2328"]
[PlyCount "83"]
[EventDate "2018.04.11"]
[EventType "team-tourn"]
[EventRounds "22"]
[EventCountry "CHN"]
[SourceTitle "EXT 2019"]
[Source "ChessBase"]
[SourceDate "2018.10.10"]
[SourceVersion "1"]
[SourceVersionDate "2018.10.10"]
[SourceQuality "1"]
[WhiteTeam "Tianjin"]
[BlackTeam "Hangzhou Bank"]
[WhiteTeamCountry "CHN"]
[BlackTeamCountry "CHN"]

1. c4 e6 2. Nf3 Nf6 3. g3 d5 4. Bg2 dxc4 5. Qa4+ c6 6. Qxc4 b5 7. Qb3 Bb7 8. 0-0 Nbd7 9. d4 a6 10. a4 Be7 11. Rd1 0-0 12. Bg5 h6 13. Bxf6 Nxf6 14. Ne5 Nd5 15. Nc3 b4 16. Ne4 f5 17. Nc5 Bxc5 18. dxc5 a5 19. Rd2 Qc7 20. Nc4 Ba6 21. Nd6 Kh8 22. e4 fxe4 23. Bxe4 Qa7 24. Rc1 g5 25. Qd1 Qg7 26. Qg4 Qf6 27. Re1 Bc8 28. Nxc8 Raxc8 29. Bxd5 exd5 30. Re6 Qg7 31. Rde2 Rc7 32. Rd6 Rf6 33. Ree6 Rcf7 34. Rxf6 Rxf6 35. Qc8+ Kh7 36. Qe8 Rf8 37. Qe6 Rf7 38. Rxc6 d4 39. Rd6 Qf8 40. Qe4+ Kg8 41. Qxd4 Qe7 42. Rxh6 1-0

[Event "CHN-chT (Women)"]
[Site "Hangzhou"]
[Date "2018.06.23"]
[Round "7.4"]
[White "Ren, Xiaoyi"]
[Black "Li, Ruofan"]
[Result "0-1"]
[WhiteElo "2266"]
[BlackElo "2334"]
[PlyCount "66"]
[EventDate "2018.06.19"]
[EventType "team-swiss"]
[EventRounds "9"]
[EventCountry "CHN"]
[SourceTitle "CBM 185 Extra"]
[Source "ChessBase"]
[SourceDate "2018.07.29"]
[SourceVersion "1"]
[SourceVersionDate "2018.07.29"]
[SourceQuality "1"]
[WhiteTeam "Chengdu (W)"]
[BlackTeam "Shenzhen (W)"]
[WhiteTeamCountry "CHN"]
[BlackTeamCountry "CHN"]

1. d4 Nf6 2. Bf4 d5 3. e3 e6 4. Nf3 c5 5. c3 Nc6 6. h3 Bd6 7. dxc5 Bxc5 8. Nbd2 0-0 9. Bb5 Qb6 10. Qa4 a6 11. Bxc6 bxc6 12. 0-0 Be7 13. Ne5 Bb7 14. Bg5 Qc7 15. Ndf3 Rfd8 16. Bf4 Bd6 17. c4 c5 18. Rfd1 d4 19. exd4 Bxf3 20. gxf3 cxd4 21. Re1 Nd7 22. Qc6 Qxc6 23. Nxc6 Bxf4 24. Nxd8 Rxd8 25. Re4 e5 26. b4 f5 27. Rxf4 exf4 28. a4 Ne5 29. Rc1 d3 30. c5 Rd4 31. b5 axb5 32. axb5 Rc4 33. Rxc4 d2 0-1

[Event "CHN-chT"]
[Site "China"]
[Date "2018.04.13"]
[Round "3.6"]
[White "Ren, Xiaoyi"]
[Black "Li, Ruofan"]
[Result "1/2-1/2"]
[WhiteElo "2263"]
[BlackElo "2328"]
[PlyCount "118"]
[EventDate "2018.04.11"]
[EventType "team-tourn"]
[EventRounds "22"]
[EventCountry "CHN"]
[SourceTitle "CBM 183 Extra"]
[Source "ChessBase"]
[SourceDate "2018.04.19"]
[SourceVersion "1"]
[SourceVersionDate "2018.04.19"]
[SourceQuality "1"]
[WhiteTeam "Chendu Beilei Youth"]
[BlackTeam "Hangzhou Bank"]
[WhiteTeamCountry "CHN"]
[BlackTeamCountry "CHN"]

1. d4 Nf6 2. c4 e6 3. g3 d5 4. Bg2 Bb4+ 5. Nd2 0-0 6. a3 Be7 7. Ngf3 b6 8. cxd5 exd5 9. 0-0 Bb7 10. Ne5 c5 11. Ndf3 Nbd7 12. Be3 Ne4 13. Qa4 Nxe5 14. Nxe5 cxd4 15. Bxd4 Qd6 16. Rac1 Nc5 17. Qc2 Rac8 18. Rfd1 Ne6 19. Bc3 Bf6 20. f4 Qc5+ 21. Kh1 Bxe5 22. fxe5 Rfd8 23. Qd2 Qe7 24. e3 Nc5 25. Qf2 Ne4 26. Bxe4 dxe4 27. Rxd8+ Rxd8 28. Bb4 Qxe5 29. Kg1 h6 30. Bc3 Qh5 31. Bd4 Rd7 32. Qf4 Kh7 33. Qe5 Qxe5 34. Bxe5 f6 35. Bd4 h5 36. Rc3 Kg6 37. Kf2 Kg5 38. Rc1 h4 39. Rc3 h3 40. Rc1 Kg4 41. Rc2 Ba6 42. Rc6 Bb5 43. Rc8 g5 44. Rf8 f5 45. Rg8 Rd6 46. Rg7 a5 47. Rf7 Bd7 48. Rf6 Be6 49. a4 Rc6 50. Bc3 Kh5 51. Ke1 g4 52. Be5 Kg5 53. Kd2 Bd7 54. Rxc6 Bxc6 55. Bc7 Bxa4 56. Bxb6 Kf6 57. Kc3 Ke6 58. Kc4 Kd6 59. Bxa5 Ke5 1/2-1/2

[Event "Hanoi HD Bank op-A 8th"]
[Site "Hanoi"]
[Date "2018.03.12"]
[Round "5"]
[White "Li, Ruofan"]
[Black "Priyanka, K."]
[Result "1-0"]
[WhiteElo "2351"]
[BlackElo "2087"]
[PlyCount "139"]
[EventDate "2018.03.10"]
[EventType "swiss"]
[EventRounds "9"]
[EventCountry "VIE"]
[SourceTitle "CBM 183 Extra"]
[Source "ChessBase"]
[SourceDate "2018.04.19"]
[SourceVersion "1"]
[SourceVersionDate "2018.04.19"]
[SourceQuality "1"]

1. d4 Nf6 2. c4 g6 3. Nc3 Bg7 4. e4 d6 5. Nf3 0-0 6. h3 e5 7. d5 a5 8. g4 Na6 9. Be3 Nc5 10. Nd2 c6 11. Be2 Ne8 12. h4 f5 13. g5 Na6 14. f3 f4 15. Bf2 h5 16. gxh6 Bxh6 17. dxc6 bxc6 18. Nb3 Be6 19. Qd2 c5 20. 0-0-0 Qb8 21. Nb5 a4 22. Na1 Rf7 23. Nc2 Rd7 24. Qc3 Kh7 25. Kb1 Nac7 26. Rd2 Bf8 27. Rhd1 Qb6 28. Bf1 Rf7 29. Nca3 Rd7 30. Ka1 Na6 31. Nc2 Nb8 32. Qa3 Qa5 33. Kb1 Qa6 34. Ka1 Qa5 35. Be1 Qa6 36. Qd3 Nc6 37. Rh2 Bh6 38. h5 g5 39. Bh3 Bxh3 40. Rxh3 Nd8 41. Bc3 Nf6 42. Rh2 Nf7 43. Qf1 Qc8 44. Rhd2 Ne8 45. Ne1 Rd8 46. Nd3 Qe6 47. Nf2 Rdb8 48. Ng4 Rd8 49. Rd5 Rdb8 50. Qd3 Ra6 51. Kb1 Rc8 52. Qd2 Rb8 53. Qc2 Rc8 54. Nxd6 Nexd6 55. Nxe5 Kg8 56. Ng4 Bg7 57. Bxg7 Kxg7 58. Qc3+ Kf8 59. h6 Ke7 60. h7 Qg6 61. a3 Rh8 62. Ne5 Qf6 63. Rxc5 Rxh7 64. Rcd5 Rh2 65. c5 Nb5 66. Qb4 Nxe5 67. Qxb5 Ra7 68. Qb6 Ra6 69. Qc7+ Ke8 70. Rd8+ 1-0

[Event "Hanoi HD Bank op-A 8th"]
[Site "Hanoi"]
[Date "2018.03.11"]
[Round "3"]
[White "Li, Ruofan"]
[Black "Kwon, Sehyun"]
[Result "1/2-1/2"]
[WhiteElo "2351"]
[BlackElo "2169"]
[PlyCount "115"]
[EventDate "2018.03.10"]
[EventType "swiss"]
[EventRounds "9"]
[EventCountry "VIE"]
[SourceTitle "CBM 183 Extra"]
[Source "ChessBase"]
[SourceDate "2018.04.19"]
[SourceVersion "1"]
[SourceVersionDate "2018.04.19"]
[SourceQuality "1"]

1. d4 Nf6 2. c4 e6 3. Nc3 Bb4 4. Qc2 d5 5. cxd5 Qxd5 6. Nf3 Qf5 7. Qxf5 exf5 8. Bf4 c6 9. a3 Be7 10. e3 Nbd7 11. Bd3 Nb6 12. h3 a5 13. 0-0 h6 14. Bc7 Nbd5 15. Bh2 Be6 16. Rfc1 Nb6 17. Rab1 Nfd5 18. Nd2 0-0 19. Nxd5 Nxd5 20. Nc4 Rfd8 21. Kf1 g5 22. Bg1 c5 23. g3 cxd4 24. exd4 Bf6 25. f3 Ne7 26. Nb6 Rab8 27. Bc4 Bxc4+ 28. Nxc4 Nc6 29. f4 Bxd4 30. Ne3 Ne7 31. Rc7 gxf4 32. Rxe7 fxe3 33. Bxe3 Bxe3 34. Rxe3 Rd5 35. Rc1 Rb5 36. b3 Kf8 37. Rc7 Re8 38. Rd3 Re6 39. Rdd7 Rf6 40. Rxb7 Re5 41. Kf2 f4 42. g4 Re3 43. Rd5 Rxh3 44. Rxa5 Rh2+ 45. Kf3 Rh3+ 46. Kf2 Rg3 47. Rf5 Rxf5 48. gxf5 Kg7 49. a4 h5 50. a5 h4 51. Rb4 h3 52. Rxf4 h2 53. Rh4 Rxb3 54. Rxh2 Ra3 55. Rh5 f6 56. Ke2 Rxa5 57. Ke3 Ra4 58. Rh1 1/2-1/2

[Event "Hanoi HD Bank op-A 8th"]
[Site "Hanoi"]
[Date "2018.03.10"]
[Round "1"]
[White "Li, Ruofan"]
[Black "Mareco, Sandro"]
[Result "0-1"]
[WhiteElo "2351"]
[BlackElo "2635"]
[PlyCount "76"]
[EventDate "2018.03.10"]
[EventType "swiss"]
[EventRounds "9"]
[EventCountry "VIE"]
[SourceTitle "CBM 183 Extra"]
[Source "ChessBase"]
[SourceDate "2018.04.19"]
[SourceVersion "1"]
[SourceVersionDate "2018.04.19"]
[SourceQuality "1"]

1. d4 d5 2. Bf4 Nf6 3. e3 c5 4. c3 Nc6 5. Nd2 g6 6. Bd3 Qb6 7. Qb3 c4 8. Qxb6 axb6 9. Bc2 b5 10. Ne2 b4 11. 0-0 b5 12. e4 h6 13. Be5 Bb7 14. Bxf6 exf6 15. Rfe1 dxe4 16. Nxe4 f5 17. Nf6+ Kd8 18. Nd5 Ra5 19. Red1 bxc3 20. bxc3 Ra3 21. Rab1 Ba6 22. Rb2 Bd6 23. Bb1 Ne7 24. Ne3 Kc7 25. Rbd2 Bb7 26. d5 Ra5 27. g3 Rd8 28. Kf1 Bc5 29. Nf4 Rd6 30. Nfg2 Ra3 31. Rb2 Bxd5 32. Rxb5 Bxg2+ 33. Kxg2 Bxe3 34. Rxd6 Kxd6 35. fxe3 Nd5 36. e4 Nxc3 37. Rb6+ Kc5 38. Rb7 fxe4 0-1